000 01419cam a22002054a 4500
005 20250605164328.0
008 250528s ||||||||||||||||||||||||d
035 _a23137
020 _a9603901512
040 _aGR-AtMCL
_bgre
_dGR-AtMCL
_eAACR2
245 1 _aΝαυτιλιακή Θεωρία και Επιχειρηματικότητα στην Εποχή της Ποιότητας
260 _bInterbooks,
_c2005
300 _a240
520 _aΠρόλογος, Θεωρία και Επαγγελματική Εργαλεία, Θεωρητική Ανάλυση, Το Μεταβαλλόμενο Κανονισρικό Πλαίσιο, Βασικά Εργαλεία για Ποιοτική Διαχείριση, Σύνδεση της Ναυτιλίας με Αρχές του Σύγχρονου Μάνατζμεντ, Διεθνείς Ναυτιλιακοί Κώδικες και Εταιρική Διακυβέρνηση, Μάρκετινγκ και Χρηματοδότηση, Στρατηγική και Ανταγωνιστικότητα, Πρακτικές Σκέψεις Ενός Εφοπλιστή, Οι Καλύψεις που Προσφέρουν οι Οργανισμοί Αλληλοπροστασίας Πλοιοκτητών (P+I Clubs).
700 1 _aΘανόπουλος Γιάννης Ν
700 1 _aΚορρές Άλκης Ι.Ε
_98702
942 _cBK
999 _c8167
_d8167